[Event "GER-ch Seniors 22nd"]
[Site "Berlin"]
[Date "2010.08.17"]
[Round "2"]
[White "Bachmann, Karlheinz"]
[Black "Rychlik, Kurt"]
[Result "1-0"]
[WhiteElo "2192"]
[BlackElo "1905"]
[PlyCount "81"]
[EventDate "2010.08.16"]
[EventType "swiss"]
[EventRounds "9"]
[EventCountry "GER"]
[SourceTitle "CBM 138 Extra"]
[Source "ChessBase"]
[SourceDate "2010.10.29"]
[SourceVersion "1"]
[SourceVersionDate "2010.10.29"]
[SourceQuality "1"]

1. c4 c5 2. Nf3 g6 3. d4 cxd4 4. Nxd4 Bg7 5. e4 Nc6 6. Be3 Nf6 7. Nc3 0-0 8. Be2 d6 9. 0-0 Bd7 10. Rc1 Ne8 11. c5 a6 12. Nd5 dxc5 13. Nxc6 bxc6 14. Nc3 Nd6 15. f3 Qa5 16. Na4 Bd4 17. Bxd4 cxd4 18. Qxd4 Rfd8 19. b3 Be8 20. Qc5 Qc7 21. Rfd1 Nb5 22. Nb6 Rxd1+ 23. Rxd1 Rb8 24. Bxb5 Qxb6 25. Qxb6 Rxb6 26. Ba4 Kf8 27. e5 e6 28. Kf2 Ke7 29. Rd6 Bd7 30. Ke3 Kd8 31. Kd4 Ke7 32. Kc5 Be8 33. g4 h6 34. f4 a5 35. a3 Ra6 36. Rd3 Ra8 37. Rd6 Ra6 38. f5 Bd7 39. fxg6 fxg6 40. Rd3 Ra8 41. Rxd7+ 1-0

[Event "EU-chT Seniors 12th"]
[Site "Dresden"]
[Date "2010.02.13"]
[Round "4"]
[White "Rooze, Jan"]
[Black "Bachmann, Karlheinz"]
[Result "0-1"]
[WhiteElo "2271"]
[BlackElo "2301"]
[PlyCount "80"]
[EventDate "2010.02.10"]
[EventType "team-swiss"]
[EventRounds "9"]
[EventCountry "GER"]
[SourceTitle "CBM 134 Extra"]
[Source "ChessBase"]
[SourceDate "2010.03.03"]
[SourceVersion "1"]
[SourceVersionDate "2010.03.03"]
[SourceQuality "1"]
[WhiteTeam "Belgium (Seniors)"]
[BlackTeam "Katernberg (Seniors)"]
[WhiteTeamCountry "BEL"]
[BlackTeamCountry "GER"]

1. e4 c5 2. Nf3 e6 3. Nc3 a6 4. d4 cxd4 5. Nxd4 Qc7 6. Bd3 Nf6 7. 0-0 Nc6 8. Be3 Nxd4 9. Bxd4 Bc5 10. Bxc5 Qxc5 11. Kh1 d6 12. f4 e5 13. a4 Be6 14. Qe1 exf4 15. Rxf4 Nd7 16. Nd5 Bxd5 17. exd5+ Ne5 18. b4 Qc7 19. Ra3 g6 20. Be4 0-0 21. g4 Qe7 22. h4 f6 23. Rc3 Rac8 24. Bg2 Rxc3 25. Qxc3 g5 26. Re4 gxh4 27. Qh3 Qc7 28. Qxh4 Qxc2 29. Re1 Qd2 30. b5 axb5 31. axb5 Qg5 32. Qxg5+ fxg5 33. Rc1 Rf7 34. Rc8+ Kg7 35. Rd8 Rd7 36. Rc8 Nxg4 37. b6 Kf6 38. Bf1 Ne3 39. Rc7 Re7 40. Ba6 Nxd5 0-1

[Event "GER-chT Seniors 18th"]
[Site "Finsterbergen"]
[Date "2009.09.18"]
[Round "7"]
[White "Bachmann, Karlheinz"]
[Black "Zunker, Reinhard"]
[Result "1-0"]
[WhiteElo "2276"]
[BlackElo "2179"]
[PlyCount "49"]
[EventDate "2009.09.12"]
[EventType "team-swiss"]
[EventRounds "7"]
[EventCountry "GER"]
[SourceTitle "CBM 132 Extra"]
[Source "ChessBase"]
[SourceDate "2009.11.03"]
[SourceVersion "1"]
[SourceVersionDate "2009.11.03"]
[SourceQuality "1"]

1. d4 Nf6 2. c4 g6 3. Nc3 Bg7 4. e4 d6 5. Nf3 0-0 6. Be2 e5 7. 0-0 Nc6 8. d5 Ne7 9. Ne1 Ne8 10. Nd3 f5 11. Bd2 f4 12. c5 g5 13. Rc1 Rf6 14. cxd6 cxd6 15. Nb5 Rg6 16. Bh5 a6 17. Bxg6 Nxg6 18. Nc7 Nxc7 19. Ba5 g4 20. Rxc7 Bd7 21. Qb3 b5 22. Qa3 Bf8 23. Ra7 Qe8 24. Rxa8 Qxa8 25. Bb4 1-0